<?xml version="1.0" encoding="UTF-8"?><?xml-stylesheet type="text/xsl" href="static/style.xsl"?><OAI-PMH xmlns="http://www.openarchives.org/OAI/2.0/" xmlns:xsi="http://www.w3.org/2001/XMLSchema-instance" xsi:schemaLocation="http://www.openarchives.org/OAI/2.0/ http://www.openarchives.org/OAI/2.0/OAI-PMH.xsd"><responseDate>2026-04-14T08:11:25Z</responseDate><request verb="GetRecord" identifier="oai:www.recercat.cat:20.500.14342/1965" metadataPrefix="marc">https://recercat.cat/oai/request</request><GetRecord><record><header><identifier>oai:recercat.cat:20.500.14342/1965</identifier><datestamp>2025-05-28T23:55:20Z</datestamp><setSpec>com_2072_482405</setSpec><setSpec>com_2072_183628</setSpec><setSpec>col_2072_482411</setSpec></header><metadata><record xmlns="http://www.loc.gov/MARC21/slim" xmlns:dcterms="http://purl.org/dc/terms/" xmlns:xsi="http://www.w3.org/2001/XMLSchema-instance" xmlns:doc="http://www.lyncode.com/xoai" xsi:schemaLocation="http://www.loc.gov/MARC21/slim http://www.loc.gov/standards/marcxml/schema/MARC21slim.xsd">
   <leader>00925njm 22002777a 4500</leader>
   <datafield ind2=" " ind1=" " tag="042">
      <subfield code="a">dc</subfield>
   </datafield>
   <datafield ind2=" " ind1=" " tag="720">
      <subfield code="a">Lucena, Glòria</subfield>
      <subfield code="e">author</subfield>
   </datafield>
   <datafield ind2=" " ind1=" " tag="720">
      <subfield code="a">Cifre, Ignacio</subfield>
      <subfield code="e">author</subfield>
   </datafield>
   <datafield ind2=" " ind1=" " tag="720">
      <subfield code="a">Castillo Garayoa, José Antonio</subfield>
      <subfield code="e">author</subfield>
   </datafield>
   <datafield ind2=" " ind1=" " tag="720">
      <subfield code="a">Aragonés, Elena</subfield>
      <subfield code="e">author</subfield>
   </datafield>
   <datafield ind2=" " ind1=" " tag="260">
      <subfield code="c">2015-06</subfield>
   </datafield>
   <datafield ind2=" " ind1=" " tag="520">
      <subfield code="a">A partir de la teoría de Bowlby y de los estilos de apego propuestos por Bartholomew y Horowitz, se desarrolla el Perfil Clínico de Apego-narrativas (PCA-n), un sistema de observación para evaluar el apego a partir de las narrativas de los y las pacientes. En el Estudio 1, se construye una primera versión del instrumento (PCAv1). La consistencia interna resulta adecuada en la evaluación del apego seguro y evitativo, pero insuficiente en el caso del apego preocupado y temeroso. En el Estudio 2 se introducen cambios en el instrumento (PCA-n), que finalmente consta de cuatro categorías: disponibilidad-confianza, autonomía en la relación, regulación de las emociones y revelación de las emociones. Aplicado a las narrativas de dos pacientes, se obtiene un nivel de acuerdo entre evaluadores en la identificación de las narrativas significativas superior al 75%. También resulta adecuada la fiabilidad del PCA-n, ya que la correlación promedio en la identificación de las categorías fue .78 en el caso del paciente 1, y .88 en el paciente 2.Se discuten las aplicaciones posibles del PCA-n, sus ventajas y limitaciones, así como líneas de investigación futuras.</subfield>
   </datafield>
   <datafield ind1="8" ind2=" " tag="024">
      <subfield code="a">http://hdl.handle.net/20.500.14342/1965</subfield>
   </datafield>
   <datafield tag="653" ind2=" " ind1=" ">
      <subfield code="a">Afectivitat -- Avaluació</subfield>
   </datafield>
   <datafield tag="653" ind2=" " ind1=" ">
      <subfield code="a">Aferrament -- Avaluació</subfield>
   </datafield>
   <datafield ind2="0" ind1="0" tag="245">
      <subfield code="a">Perfil Clínico de Apego (PCA): Elaboración de un sistema de categorías para la evaluación del apego</subfield>
   </datafield>
</record></metadata></record></GetRecord></OAI-PMH>